Optická technológia v sieťach budúcich generácií (NGN) /

Gespeichert in:
Bibliographische Detailangaben
1. Verfasser: Kotuliak, Ivan, 1974- (Verfasst von)
Format: Manuskript Buch
Sprache:Slowakisch
Veröffentlicht: STU v Bratislave FIIT, 2009
Schlagworte:
Tags: Tag hinzufügen
Keine Tags, Fügen Sie das erste Tag hinzu!

MARC

LEADER 00000ntm a22000003a 4500
001 0112017
005 20241025095852.4
008 100326s2009----xo------------------slo-d
040 |a STU  |b slo 
041 0 |a slo 
044 |a xo 
100 1 |a Kotuliak, Ivan,  |d 1974-  |4 aut  |u I100  |U FIIT Fakulta informatiky a informačných technológií  |T FIIT Ústav počítačových systémov a sietí  |X 1883  |U I100  |Y 178  |7 1883 
245 1 |a Optická technológia v sieťach budúcich generácií (NGN) /  |c aut. Ivan Kotuliak 
260 |b STU v Bratislave FIIT,  |c 2009 
300 |a 133 s 
650 7 |a optické technológie  |2 stusub 
650 7 |a siete NGN  |2 stusub